000 00283nam a2200121Ia 4500
005 20251222152007.0
008 251222s9999||||xx |||||||||||||| ||spa||
082 _a658.56/I49B
245 0 _aBebidas alcohólicas vitivinícolas
250 _a1ra.Ed.
264 _bAdobe
942 _cLIB
999 _c24755
_d24755